El valor familia en estudiantes universitarios de España : análisis y clasificación

Este artículo se centra en el análisis del valor “familia” en jóvenes universitarios españoles. Para ello participaron 423 estudiantes universitarios que contestaron los ítems que hacían referencia a la familia del Test de Valores de Casares. Los resultados obtenidos ofrecen un modelo dual en relac...

Full description

Bibliographic Details
Main Author: Rodríguez Sabiote, Clemente
Other Authors: Herrera Torres, Lucía (autora), Quiles, Oswaldo Lorenzo (autor), Álvarez Rodríguez, José (autor)
Format: Analitica de revista
Language:Spanish
Published: México : Facultad de Ciencias de la Educación, 2008.
Online Access:Acceso electrónico al documento

MARC

LEADER 00000nam a22000007a 4500
008 251027s2008 sp |||| o|||| 00| 0 spa d
040 |a UAHC  |c UAHC 
100 |a Rodríguez Sabiote, Clemente  |9 22432 
245 |a El valor familia en estudiantes universitarios de España :  |b análisis y clasificación  |c Clemente Rodríguez Sabiote ; Lucía Herrera Torres ; Oswaldo Lorenzo Quiles ; José Álvarez Rodríguez. 
260 |a México :   |b Facultad de Ciencias de la Educación,  |c 2008. 
300 |a 17 páginas. 
500 |a En : Enseñanza e investigación en psicología, volumen 13, número 2, 2008. Desde la página a la 215 a la 215. ISSN: 01851594. 
520 |a Este artículo se centra en el análisis del valor “familia” en jóvenes universitarios españoles. Para ello participaron 423 estudiantes universitarios que contestaron los ítems que hacían referencia a la familia del Test de Valores de Casares. Los resultados obtenidos ofrecen un modelo dual en relación con la familia en el que se detecta una jerarquía de valores en los participantes marcada por aspectos afectivos, morales y ecológicos.  
700 |a Herrera Torres, Lucía  |9 22433  |e autora 
700 |a Quiles, Oswaldo Lorenzo  |9 22434  |e autor 
700 |a Álvarez Rodríguez, José  |9 22435  |e autor 
856 |y Acceso electrónico al documento  |u https://www.redalyc.org/pdf/292/29213202.pdf 
942 |c REVA 
952 |0 0  |1 0  |4 0  |6 RECURSO_ELECTRÓNICO  |7 0  |8 COMP  |9 101425  |a BR  |b BR  |c Digital  |d 2025-10-27  |l 0  |o Recurso electrónico  |r 2025-10-27 17:09:25  |w 2025-10-27  |y REVA  |B PEDIF 
999 |c 63129  |d 63129